[Event "Ramat Gan Lag BaOmer op"]
[Site "Ramat Gan"]
[Date "2023.05.08"]
[Round "1"]
[White "Levin, Guy"]
[Black "Meirovich, Ilay"]
[Result "1-0"]
[WhiteElo "2424"]
[BlackElo "1872"]
[PlyCount "61"]
[EventDate "2023.05.08"]
[EventType "swiss (rapid)"]
[EventRounds "5"]
[EventCountry "ISR"]
[SourceTitle "CBM 214 Extra"]
[Source "ChessBase"]
[SourceDate "2023.07.31"]
[SourceVersion "1"]
[SourceVersionDate "2023.07.31"]
[SourceQuality "1"]

1. d4 Nf6 2. Nf3 e6 3. Bf4 b6 4. e3 Bb7 5. Nbd2 Be7 6. Bd3 0-0 7. c3 c5 8. Qc2 d6 9. g4 h6 10. Rg1 Nd5 11. Bg3 cxd4 12. Nxd4 Nd7 13. 0-0-0 Nc5 14. e4 Nf6 15. f3 Nxd3+ 16. Qxd3 Nd7 17. h4 Ne5 18. Qe2 Bxh4 19. Bh2 Nc6 20. Nxc6 Bxc6 21. f4 b5 22. Nf3 Be7 23. g5 hxg5 24. Nxg5 Bxg5 25. fxg5 Qa5 26. a3 Qa4 27. Rd4 Qb3 28. Bxd6 Qa2 29. Qh2 b4 30. Rh1 Qa1+ 31. Kc2 1-0

[Event "Ramat Gan Spring op"]
[Site "Ramat Gan"]
[Date "2023.05.01"]
[Round "1"]
[White "Meirovich, Ilay"]
[Black "Sherman, Reem"]
[Result "0-1"]
[WhiteElo "1872"]
[BlackElo "2306"]
[PlyCount "88"]
[EventDate "2023.05.01"]
[EventType "swiss"]
[EventRounds "7"]
[EventCountry "ISR"]
[SourceTitle "CBM 215 Extra"]
[Source "ChessBase"]
[SourceDate "2023.09.30"]
[SourceVersion "1"]
[SourceVersionDate "2023.09.30"]
[SourceQuality "1"]

1. d4 Nf6 2. c4 e6 3. Nf3 d5 4. g3 Be7 5. Bg2 0-0 6. 0-0 dxc4 7. Qc2 a6 8. a4 Bd7 9. Ne5 Bc6 10. Nxc6 Nxc6 11. Bxc6 bxc6 12. Qxc4 Qd5 13. Qxd5 cxd5 14. Bf4 Rfb8 15. Ra2 Rb7 16. Rc1 Ne8 17. Nc3 g5 18. Bd2 Nd6 19. Nd1 Nc4 20. Bc3 g4 21. f3 gxf3 22. exf3 Rab8 23. Rc2 Bb4 24. Bxb4 Rxb4 25. Kf2 R8b7 26. g4 Na5 27. Ke3 Nb3 28. Rc6 a5 29. Ra6 Rxd4 30. Nc3 Rd2 31. Nb5 Rc2 32. Ra8+ Kg7 33. Rc8 Nc1 34. Ra1 e5 35. f4 Re2+ 36. Kf3 e4+ 37. Kg3 Rc2 38. g5 Kg6 39. Nd4 Ne2+ 40. Kg4 h5+ 41. gxh6 Nxd4 42. Rg1 Rxh2 43. Rg8+ Kf6 44. Rh8 Nf5 0-1

[Event "Ramat Gan op"]
[Site "Ramat Gan"]
[Date "2023.01.30"]
[Round "3"]
[White "Aroeta, Benny"]
[Black "Meirovich, Ilay"]
[Result "1-0"]
[WhiteElo "1978"]
[BlackElo "1979"]
[PlyCount "103"]
[EventDate "2023.01.16"]
[EventType "swiss"]
[EventRounds "7"]
[EventCountry "ISR"]
[SourceTitle "CBM 213 Extra"]
[Source "ChessBase"]
[SourceDate "2023.05.31"]
[SourceVersion "1"]
[SourceVersionDate "2023.05.31"]
[SourceQuality "1"]

1. e4 c5 2. Nf3 Nc6 3. c3 d5 4. exd5 Qxd5 5. d4 g6 6. Na3 cxd4 7. Nb5 Kd8 8. Be3 Nf6 9. Nbxd4 Bd7 10. Nxc6+ Bxc6 11. Ne5 Ke8 12. Nxc6 Qxc6 13. Qb3 a6 14. Bc4 e6 15. 0-0 b5 16. Be2 Nd5 17. Bd4 Rg8 18. a4 Rb8 19. axb5 axb5 20. c4 Nf4 21. Bf3 Qd6 22. Ba7 Rc8 23. Rfd1 Qb4 24. Qxb4 Bxb4 25. g3 Nh3+ 26. Kg2 Ng5 27. cxb5 Nxf3 28. Kxf3 Ke7 29. b6 Rc2 30. b7 Bd6 31. Rxd6 Kxd6 32. b8Q+ Rxb8 33. Bxb8+ Kd5 34. Ra5+ Kc4 35. Be5 f5 36. Ra7 Kd5 37. Bc3 g5 38. Rxh7 e5 39. Re7 e4+ 40. Ke3 f4+ 41. gxf4 gxf4+ 42. Kxf4 Rxf2+ 43. Kg3 Rf3+ 44. Kg2 Rf4 45. Kg3 Rf3+ 46. Kg4 Rf2 47. Re5+ Kc6 48. h4 Rg2+ 49. Kf4 Rh2 50. h5 Rh3 51. Kxe4 Kd6 52. Rf5 1-0